Deutsche Literatur der Gegenwart in Einzeldarstellungen (Band I)
Zapisane w:
| 1. autor: | |
|---|---|
| Format: | Książka |
| Język: | Undetermined |
| Wydane: |
Stuttgart, Alemania
Alfred Kröner
1945
|
| Hasła przedmiotowe: | |
| Etykiety: |
Dodaj etykietę
Nie ma etykietki, Dołącz pierwszą etykiete!
|
MARC
| LEADER | 00000nam a2200000Ia 4500 | ||
|---|---|---|---|
| 008 | 170316s9999 xx 000 0 und d | ||
| 040 | |a cru BVZT | ||
| 090 | |a 830 W-3d v.1 | ||
| 100 | |a Weber, Dietrich | ||
| 245 | |a Deutsche Literatur der Gegenwart in Einzeldarstellungen (Band I) | ||
| 260 | |a Stuttgart, Alemania | ||
| 260 | |b Alfred Kröner | ||
| 260 | |c 1945 | ||
| 300 | |a 662 páginas | ||
| 650 | |a LITERATURA ALEMANA | ||
| 650 | |a ANTOLOGÍA | ||
| 999 | |c 7451 |d 7451 | ||
| 942 | |c 15 D |h 830 W-3d v.1 |2 z | ||
